Normal view
MARC view
Entry Personal Name
001 - CONTROL NUMBER
- control field: 9974
003 - CONTROL NUMBER IDENTIFIER
- control field: BD-RjUL
005 - DATE AND TIME OF LATEST TRANSACTION
- control field: 20231108150408.0
008 - FIXED-LENGTH DATA ELEMENTS
- fixed length control field: 231108|| aca||aabn | a|a d
040 ## - CATALOGING SOURCE
- Original cataloging agency: BD-RjUL
- Transcribing agency: BD-RjUL
100 ## - HEADING--PERSONAL NAME
- Personal name: Rahman, S M Hafizur, Co-Supervisor
670 ## - SOURCE DATA FOUND
- Source citation: Work cat.: (BD-RjUL)82264: Ara, Rawshan 9962, Challenges in Studying Physics Without Mathematics at Higher Secondary Level /, 2021